01256nam a2200253 a 450000100100000000500170001000800410002704000250006808200160009324501570010926000340026630000280030050000340032850000730036259000260043570000430046170000410050470000360054570000430058195201280062495201140075295201190086699900170098500004892620201002061521.0190502s2016 dr a r 000 0 spa d aDO-SdBNPbspacBNPHU axxxxbG216a00a"Apuntes de endocrinología clinica" /ceditor Ricardo García Martínez ; Francisco Carvajal Martínez ... et al. ; prólogo Antonio Selman Geara. aSanto Domingo :bs.n.,c2016. a241 p. :bil. ;c21 cm. aIncluye índice alfabético aIncluye referencias bibliográficas y notas al pie de las páginas aInventariado, 2020/BT1 aDe Jesús Ramírez, Corina de9763631 aDíaz Rodríguez, Jacquelin9763641 aEstrada Muñoz, Mariano9259031 aSelman Geara, Antonio,epról.976365 001054708DSaGRbGRcHDd2019-05-02iLF1l0oxxxx G216ap48926-30r2020-06-25te.3w2020-06-25yLFDSZPréstamo en sala 0010718PDaPDbPDcHDd2019-05-02iLF1l0oxxxx G216ap48926-10r2020-06-25w2020-06-25yLFPDZNo se presta 0010718PDaPDbPDcHDd2019-05-02iLF1l0oxxxx G216ap48926-20r2020-06-25te.2w2020-06-25yLFPDZNo se presta c48414d48414